Municípios da Região Geográfica Imediata de Maringá, Paraná - Statistics

Estatísticas Gerais
  • Esse quiz foi jogado 25 vezes
  • A pontuação média é 10 de 23
Estatísticas das Respostas
Inicial Nome das Cidades % Correto
S Sarandi
90%
F Floresta
80%
M Mandaguaçu
80%
M Mandaguari
80%
M Marialva
80%
M Maringá
80%
P Paiçandu
80%
F Floraí
50%
A Astorga
40%
D Doutor Camargo
40%
I Iguaraçu
40%
I Ivatuba
40%
A Atalaia
30%
O Ourizona
30%
P Presidente Castelo Branco
30%
S Santa Fé
30%
A Ângulo
20%
F Flórida
20%
I Itambé
20%
M Munhoz de Melo
20%
N Nova Esperança
20%
S São Jorge do Ivaí
20%
U Uniflor
20%
Nenhum quiz correspondente encontrado
Distribuição das Pontuações
Porcentagem de Pessoas com Cada Pontuação
Percentil de Números Respondidos
Sua Pontuação Histórica
Você não jogou esse quiz